Жизнь и Смерть Владимира Ульянова-Ленина. Т. 2 (Запись № 12122687)

Подробности
000 -МАРКЕР
контрольное поле 01431nam2a2200289 4500
001 - ИДЕНТИФИКАТОР ЗАПИСИ
контрольное поле RU\NLR\BIBL_A\012479437
005 - ИДЕНТИФИКАТОР ВЕРСИИ
контрольное поле 20210520095259.0
010 ## - МЕЖДУНАРОДНЫЙ СТАНДАРТНЫЙ НОМЕР КНИГИ (ISBN)
Номер (ISBN) 978-5-0051-06206-9
021 ## - НОМЕР ГОСУДАРСТВЕННОЙ РЕГИСТРАЦИИ
Код страны Российская Федерация
Номер КН-П-20-070858
Номер Листа государственной регистраци КН-П-20-5321
035 ## - ДРУГИЕ СИСТЕМНЫЕ НОМЕРА
Идентификатор записи (NLR Aleph) 012479437
100 ## - ДАННЫЕ ОБЩЕЙ ОБРАБОТКИ
Данные общей обработки 20210319d2020 u y0rusy50 ca
101 0# - ЯЗЫК РЕСУРСА
Язык текста, звукозаписи и т.д. русский
102 ## - СТРАНА ПУБЛИКАЦИИ ИЛИ ПРОИЗВОДСТВА
Страна публикации Российская Федерация
105 ## - ПОЛЕ КОДИРОВАННЫХ ДАННЫХ: ТЕКСТОВЫЕ МАТЕРИАЛЫ, МОНОГРАФИЧЕСКИЕ
Кодированные данные о монографическом текстовом документе y|||z|||010zb
200 0# - ЗАГЛАВИЕ И СВЕДЕНИЯ ОБ ОТВЕТСТВЕННОСТИ
Основное заглавие Т. 2
210 ## - ПУБЛИКАЦИЯ, РАСПРОСТРАНЕНИЕ И ДР.
Дата издания, распространения и т.д. 2020
215 ## - ФИЗИЧЕСКАЯ ХАРАКТЕРИСТИКА
Специфическое обозначение материала и объем 377, [3] с.
Размеры 20
461 #0 - УРОВЕНЬ НАБОРА
Встроенное поле 001RU\NLR\BIBL_A\012405234
-- 2001#$aЖизнь и Смерть Владимира Ульянова-Ленина$e[роман-исследование]$fНиколай Семёнов-Мерьский$vТ. 2
-- 700#1$aСемёнов-Мерьский$bН. С.$gНиколай Степанович$3RU\NLR\AUTH\770223903
Системный номер (АБИС) связанной записи 11746216
Автор Семёнов-Мерьский, Н. С.
Место публикации [Б. м.]
Дата публикации 2020
Первые сведения об ответственности Николай Семёнов-Мерьский
Имя издателя, распространителя и т.д. Издательские решения
Сведения, относящиеся к заглавию [роман-исследование]
Заглавие Жизнь и Смерть Владимира Ульянова-Ленина
ISBN 97855005106353
Номер тома Т. 2
606 1# - НАИМЕНОВАНИЕ ТЕМЫ КАК ПРЕДМЕТ
Наименование темы Гражданская война и военная интервенция в России
Хронологический подзаголовок 1918 - 1920
Системный номер авторитетной/нормативной записи 2212606
Идентификатор авторитетной/нормативной записи RU\NLR\AUTH\661329092
686 1# - ИНДЕКСЫ ДРУГИХ КЛАССИФИКАЦИЙ
Индекс Т3(2)712,02
686 1# - ИНДЕКСЫ ДРУГИХ КЛАССИФИКАЦИЙ
Индекс Ц35(2)712,02
942 ## - ДОПОЛНИТЕЛЬНЫЕ ЭЛЕМЕНТЫ ЗАПИСИ (АБИС)
Тип экземпляра АБИС Книга
980 ## - КОЛЛЕКЦИЯ
Название коллекции НБР
980 ## - КОЛЛЕКЦИЯ
Название коллекции Национальная библиография

Нет доступных экземпляров.